Řecké mýty. 2. díl /

Uloženo v:
Hlavní autor: Graves, Robert, 1895-1985 (Autor)
Další autoři: Hanuš, Jiří, 1949- (Autor)
Médium: Kniha
Jazyk:Czech
Vydáno: Praha : Odeon, 1982
Vydání:1. vyd.
Edice:Edice AAA
Témata:
Celkem bylo vypůjčeno:5x
Tagy:
Žádné tagy
LEADER 00976nam a2200277 a 4500
001 34417
005 20180213095805.0
008 960924s1982----xr ---------u-------cze-d
020 |c 40.00 Kč 
040 |a UOG502  |e AACR2  |9 1  |b cze 
041 1 |a cze  |h eng 
080 |a 2 
100 1 |a Graves, Robert,  |d 1895-1985  |7 jn19990002848  |4 aut  |9 14553 
245 1 0 |a Řecké mýty.  |n 2. díl /  |c Robert Graves ; [z angl. orig. přel. Jiří Hanuš] 
250 |a 1. vyd. 
260 |a Praha :  |b Odeon,  |c 1982 
300 |a 427 s., obr., barev.fot. 
490 1 |a Edice AAA 
500 |a Příl. -Rejstř. 
653 |a starověk  |a Řecko  |a mytologie  |a mýty  |a báje  |a Olymp  |a svět  |a stvoření  |a Trója  |a slovníky 
700 1 |a Hanuš, Jiří,  |d 1949-  |7 jk01033475  |4 trl  |9 4804 
830 0 |a Edice AAA 
910 |a UOG502 
999 |c 34417  |d 34417 
942 0 0 |0 5 
993 |0 0  |1 421180032961  |4 0  |6 2_000000000000000  |7 0  |9 15185  |b 0  |c 32961  |d 1996-09-24  |e 5  |f SKLAD  |g 2  |h 40.00  |l SKLAD  |r 2024-04-18  |t 5  |w 2017-09-19  |y KN  |z NAUCNA